Computing concepts : (Record no. 131713)
[ view plain ]
| 000 -LEADER | |
|---|---|
| fixed length control field | 00841cam a22002774a 4500 |
| 008 - FIXED-LENGTH DATA ELEMENTS--GENERAL INFORMATION | |
| fixed length control field | |
| 020 ## - INTERNATIONAL STANDARD BOOK NUMBER | |
| International Standard Book Number | 0072834110 (pbk.) |
| 049 ## - LOCAL HOLDINGS (OCLC) | |
| Holding library | MAIN |
| 090 00 - LOCALLY ASSIGNED LC-TYPE CALL NUMBER (OCLC); LOCAL CALL NUMBER (RLIN) | |
| Classification number (OCLC) (R) ; Classification number, CALL (RLIN) (NR) | QA76 HAA |
| 003 - CONTROL NUMBER IDENTIFIER | |
| control field | |
| 005 - DATE AND TIME OF LATEST TRANSACTION | |
| control field | 20230123124853.0 |
| 040 ## - CATALOGING SOURCE | |
| Transcribing agency | NUST |
| 100 1# - MAIN ENTRY--PERSONAL NAME | |
| Personal name | Haag, Stephen. |
| 245 10 - TITLE STATEMENT | |
| Title | Computing concepts : |
| Remainder of title | complete edition / |
| Statement of responsibility, etc. | Stephen Haag, Maeve Cummings, Alan I. Rea, Jr. |
| 250 ## - EDITION STATEMENT | |
| Edition statement | 2nd ed. |
| 260 ## - PUBLICATION, DISTRIBUTION, ETC. | |
| Place of publication, distribution, etc. | Boston : |
| Name of publisher, distributor, etc. | McGraw-Hill Technology Education, |
| Date of publication, distribution, etc. | 2004. |
| 300 ## - PHYSICAL DESCRIPTION | |
| Extent | xxxi, 556 p. : |
| Other physical details | ill. (some col.) ; |
| Dimensions | 28 cm. |
| 440 #4 - SERIES STATEMENT/ADDED ENTRY--TITLE | |
| Title | The I series |
| 500 ## - GENERAL NOTE | |
| General note | Includes index. |
| 504 ## - BIBLIOGRAPHY, ETC. NOTE | |
| Bibliography, etc. note | Includes bibliographical references. |
| 650 #0 - SUBJECT ADDED ENTRY--TOPICAL TERM | |
| Topical term or geographic name entry element | Electronic data processing. |
| 700 1# - ADDED ENTRY--PERSONAL NAME | |
| Personal name | Cummings, Maeve. |
| 700 1# - ADDED ENTRY--PERSONAL NAME | |
| Personal name | Rea, Alan I. |
| 907 ## - LOCAL DATA ELEMENT G, LDG (RLIN) | |
| a | .b10253610 |
| b | 24-04-08 |
| c | 07-03-08 |
| 942 ## - ADDED ENTRY ELEMENTS (KOHA) | |
| Koha item type | Ordinary Loan Books |
| Call number prefix | QA76 HAA |
| Date last seen | Total Checkouts | Full call number | Barcode | Cost, replacement price | Price effective from | Koha item type | Lost status | Source of classification or shelving scheme | Damaged status | Not for loan | Collection | Withdrawn status | Home library | Current library | Shelving location | Date acquired | Cost, normal purchase price |
|---|---|---|---|---|---|---|---|---|---|---|---|---|---|---|---|---|---|
| 01/23/2023 | 21 | QA76 HAA | 92004008408 | 80.00 | 01/23/2023 | BOOKS | LCC | 1 | NFIC | MAIN | MAIN | GEN | 01/23/2023 | 80.00 |